00451 2200181 4500001002100000005001500021035002000036245002300056100001400079250001100093300003800104260003100142082000800173084001400181020002200195008004100217990001100258INLIS00000000000010520251010094322 a0010-01190001001 aBulan /cTere Liye0 aTere Liye aed. XI a400 hal. :bteks ;c13,5 x 20 cm. aJakarta :bGramedia,c2016 a810 a810 LIY b a978-602-03-3294-9251010 f ind  a111133